Report (Record no. 699814)

MARC details
000 -LEADER
fixed length control field 00694nam a2200229Ia 4500
003 - CONTROL NUMBER IDENTIFIER
control field OSt
005 - DATE AND TIME OF LATEST TRANSACTION
control field 20220927112118.0
008 - FIXED-LENGTH DATA ELEMENTS--GENERAL INFORMATION
fixed length control field 220926b |||||||| |||| 00| 0 eng d
037 ## - SOURCE OF ACQUISITION
Terms of availability Reports
040 ## - CATALOGING SOURCE
Original cataloging agency RTL
Transcribing agency RTL
Language of cataloging eng
041 ## - LANGUAGE CODE
Source of code eng
Language code of text/sound track or separate title eng
111 ## - MAIN ENTRY--MEETING NAME
Meeting name or jurisdiction name as entry element Paper Board And Chemical Gotton Industries (Panel on-) (Chairman : M L Narasimiengar) (1944 : India)
9 (RLIN) 383126
245 #0 - TITLE STATEMENT
Title Report
260 ## - PUBLICATION, DISTRIBUTION, ETC.
Place of publication, distribution, etc. Delhi
Name of publisher, distributor, etc. Manager Of Publication India
Date of publication, distribution, etc. 1946
650 ## - SUBJECT ADDED ENTRY--TOPICAL TERM
Topical term or geographic name entry element Useful Art
9 (RLIN) 383127
942 ## - ADDED ENTRY ELEMENTS (KOHA)
Classification part "X9(M13).2.N44t, H6"
Koha item type
Holdings
Withdrawn status Lost status Damaged status Not for loan Home library Current library Date acquired Total Checkouts Full call number Barcode Date last seen Price effective from Koha item type
        Ratan Tata Library Ratan Tata Library 2022-09-27   "X9(M13).2.N44t H6" RTB0001290 2022-09-27 2022-09-27  
Copyright @ Delhi University Library System